00556nam a22001937a 450000500170000001000120001702000260002903700230005508200080007810000250008624500650011125000070017626000360018327000570021930000200027670000250029694200220032199900190034320260228172651.0 aBACEN26 a9788192933528c430.00 bLucent Publication a480 aThakur, A. K 987900 aLucent's General English/cby A. K Thakur [and] Veena Thakur a12 aPatnabLucent Publicationc2024 aNew Bypass Road, AshochakbPatnae800030k9934016609 a554p.c27cm(pb) aThakur, Veena987901 2ddccENh480mTHA c215014d215014